Wii Party Games - Statistics

General Stats
  • This quiz has been taken 17 times
  • The average score is 8 of 13
Answer Stats
Picture Answer % Correct
Bingo
92%
Globe Trot
92%
Balance Boat
85%
Board Game Island
85%
Spin-Off
77%
Swap Meet / Mii of a Kind
62%
Friend Connection
54%
Match-Up
46%
Time Bomb
46%
Hide 'n' Hunt
38%
Word Bomb
38%
Buddy Quiz
31%
Animal Tracker
23%
No matching quizzes found
Score Distribution
Percent of People with Each Score
Percentile by Number Answered
Your Score History
You have not taken this quiz